| 000 | 00473nam a2200193Ia 4500 | ||
|---|---|---|---|
| 005 | 20250603145757.0 | ||
| 008 | 250603s9999 xx 000 0 und d | ||
| 020 | _a978-0-205-60856-0 | ||
| 050 | _aLC 4705 .V38/ | ||
| 100 | _aVaughn, Sharon | ||
| 245 | 0 | _aStrategies for teaching students with learning and behavior problems | |
| 250 | _a7th ed. | ||
| 260 | _aBoston | ||
| 260 | _bPearson | ||
| 260 | _c2009 | ||
| 300 | _a592 p | ||
| 650 | _aBoston | ||
| 942 | _cBK | ||
| 999 |
_c42825 _d42825 |
||